Paramveer Chakra Vijete (Record no. 93764)
[ view plain ]
| 000 -LEADER | |
|---|---|
| fixed length control field | 00557nam a2200193Ia 4500 |
| 005 - DATE AND TIME OF LATEST TRANSACTION | |
| control field | 20230421141358.0 |
| 008 - FIXED-LENGTH DATA ELEMENTS--GENERAL INFORMATION | |
| fixed length control field | 230125s9999 xx 000 0 und d |
| 020 ## - INTERNATIONAL STANDARD BOOK NUMBER | |
| International Standard Book Number | 978-93-85456-00-8 |
| 041 ## - LANGUAGE CODE | |
| Language code of text/sound track or separate title | eng |
| 082 ## - DEWEY DECIMAL CLASSIFICATION NUMBER | |
| Classification number | 891.463 |
| Item number | TAL |
| 100 ## - MAIN ENTRY--PERSONAL NAME | |
| Author | Talwalkar A |
| 245 ## - TITLE STATEMENT | |
| Title | Paramveer Chakra Vijete |
| Remainder of title | Paramveer Chakra Vijetyanchya Shoryakatha |
| 260 ## - PUBLICATION, DISTRIBUTION, ETC. | |
| Date of publication, distribution, etc. | 2015 |
| Name of publisher, distributor, etc. | Bhalchandra Kulkarni |
| Place of publication, distribution, etc. | Pune |
| 300 ## - PHYSICAL DESCRIPTION | |
| Extent | 88p |
| 500 ## - GENERAL NOTE | |
| Keywords | Marathi Literature |
| 650 ## - SUBJECT ADDED ENTRY--TOPICAL TERM | |
| Topical term or geographic name entry element | Marathi Literature |
| 700 ## - ADDED ENTRY--PERSONAL NAME | |
| Personal name | Talwalkar A & Matchless Gift, Donor |
| 942 ## - ADDED ENTRY ELEMENTS (KOHA) | |
| Koha item type | Books |
| Withdrawn status | Lost status | Damaged status | Not for loan | Home library | Current library | Date acquired | Vendor | Net Price | Full call number | Barcode | Date last seen | Actual Price | Bill Date | Koha item type | Original Barcode |
|---|---|---|---|---|---|---|---|---|---|---|---|---|---|---|---|
| Smt. Hiraben Nanavati Institute of Management & Research for Women | Smt. Hiraben Nanavati Institute of Management & Research for Women | 14/09/2015 | Donated Book- Outside Donar | 25.00 | 891.463 TAL DB2206 | HIMR-DB-2206 | 25/01/2023 | 25.00 | 25/01/2023 | Donated Book | DB2206 | ||||
| Smt. Hiraben Nanavati Institute of Management & Research for Women | Smt. Hiraben Nanavati Institute of Management & Research for Women | 14/09/2015 | Donated Book- Outside Donar | 25.00 | 891.463 TAL DB2207 | HIMR-DB-2207 | 25/01/2023 | 25.00 | 25/01/2023 | Donated Book | DB2207 | ||||
| Smt. Hiraben Nanavati Institute of Management & Research for Women | Smt. Hiraben Nanavati Institute of Management & Research for Women | 14/09/2015 | Donated Book- Outside Donar | 25.00 | 891.463 TAL DB2208 | HIMR-DB-2208 | 25/01/2023 | 25.00 | 25/01/2023 | Donated Book | DB2208 |